000 00577nam a2200205Ia 4500
005 20230130134755.0
008 131103s9999 xx 000 0 und d
040 _aLoreto College
041 _aEnglish
082 _a839.7
_bSTR
100 _aStrindberg,August
245 _aMiss Julie and other plays
_cAugust Strindberg; adapted by Max Faber;with an introduction by John Allez
260 _aLondon
_bHeinemann
_c1960
300 _axii,145 p.
440 _aThe Drama Library
504 _aAdapted into English
700 _aFaber,Max
850 _aLCLIB
942 _cBK
999 _c5422
_d55901